00837nam a22002777a 45000010005000000030006000050050017000110080041000280200017000690400029000860500013001150820008001281000027001362450068001632500035002312600031002663000045002974900051003425050007003935200048004005210018004485210018004666500024004846500018005087000033005265876FISKH20250127121333.0250127b cb ||||| |||| 00| 0 eng d a047415260025 aFISKHbengcFISKHdFISKH aPZ8.H146 a279 aHall, Kirstend(1974-) aMy best friend /cby Kirsten Hall illustrated by Chris Demarest aThis edition published in 1999 aWalcot :bAll Star,c1999. a31 pages :bcolor illustrations ;c23 cm aReader's digest kidsvAll star readers grade 1 aC  aA boy describes his best friend, his puppy.8 a140 bLexile 8 aC bRaz-Plus  2FriendsaFriendship 2AnimalsaPets aDemarest, Chrisdillustrator